|
|
|
|
| LEADER |
00000cam a2200000 a 4500 |
| 001 |
vtls008859538 |
| 003 |
SK-MaSNL |
| 005 |
20260301185215.0 |
| 008 |
240318s1581 gw a lat |
| 015 |
|
|
|a SNBHFA1581
|
| 020 |
|
|
|q viazaná
|
| 035 |
|
|
|a urn:nbn:sk:snk-am00g6lw
|
| 035 |
|
|
|a urn:nbn:sk:snk-am3iw22
|
| 035 |
|
|
|a 631C7670-7F80-4B9F-A980-6A4B203F09EA
|
| 040 |
|
|
|a SNKHF
|b slo
|c SNK
|e AACR2
|
| 041 |
0 |
|
|a lat
|
| 044 |
|
|
|a gw
|c DE
|
| 072 |
|
7 |
|a 783
|x Cirkevná hudba. Duchovná hudba. Náboženská hudba
|2 konspekt
|
| 080 |
|
|
|a 783
|2 2011
|
| 100 |
1 |
|
|a Major, Georg,
|d 1502-1574
|4 aut
|9 177135
|
| 245 |
1 |
0 |
|a Cantica Ex Sacris Literis
|b In Ecclesia cantari solita, cum Hymnis et Collectis, seu orationibus Ecclesiasticis, in vsum Pastorum, Diaconarum, et iuuentutis Scholasticae, iam postremum Recognita et aucta Per D. Georg. Maiorem, Anno 1574. Coloss. 3. Docete et commonete vos inuicem cantionibus ... canentes in corde vestro Domino
|
| 260 |
|
|
|a VVitebergae
|b In Officina Haeredum Ioannis Cratonis
|c Anno M.D.LXXXI. [=1581]
|
| 300 |
|
|
|a 101, [4] listov
|c 14 cm
|
| 500 |
|
|
|a Titulný list v drevorezovom ráme s ornamentálnou výzdobou, drevorez na rube titulného listu, koncová vineta, kustody
|
| 563 |
|
|
|a Väzba: plátená, reštaurovaná.
|5 SNK IE 5023
|
| 650 |
0 |
7 |
|a cirkevná hudba
|2 SNKPH
|9 1748
|
| 650 |
0 |
7 |
|a hymnické piesne
|2 SNKPH
|9 69287
|
| 710 |
0 |
|
|a Krafft, Johann - dedičia (Wittenberg, Nemecko),
|d 1578-1590
|4 prt
|9 180318
|
| 752 |
|
|
|a Nemecko
|d Wittenberg
|
| 852 |
|
|
|a snk
|b Historické fondy
|p IE 5023
|
| 958 |
|
|
|a ONDV
|
| 999 |
|
|
|c 863113
|d 865043
|
| 952 |
|
|
|t Tlače 16. stor.
|a SNK
|b SNK
|c SNK_HF
|y PREZ
|7 0
|p 17A1301903
|o snkIE 5023
|i snkF 456/73
|8 5
|0 0
|1 0
|4 0
|d 2018-11-12
|f 1
|l 0
|r 2026-02-24 05:18:08
|w 2026-02-24
|